Statistiken für Leipziger Straßenbahn-Haltestellen

Klicken Sie hier um das Quiz zu spielen!

Allgemein

  • Dieses Quiz wurde 72 mal gespielt
  • Das Durchschnittsergebnis liegt bei 45 aus 240

Antwortstatistiken

Haltestellen% Korrekt
Hauptbahnhof
91%
Augustusplatz
72%
Goerdelerring
70%
Westplatz
67%
Wilhelm-Leuschner-Platz
67%
Neues Rathaus
63%
Adler
59%
Waldplatz
57%
Sportforum Süd
54%
Südplatz
54%
Connewitzer Kreuz
52%
Lausen
52%
Angerbrücke, Strbf.
50%
Hohe Straße
48%
R.-Lehmann-Straße, HTWK
48%
Felsenkeller
46%
Bayerischer Bahnhof
43%
Lindenauer Markt
43%
Münzgasse, LVZ
43%
Johannisplatz
41%
Mockau, Post
41%
Leibnizstraße
39%
Meusdorf
39%
Roßplatz
39%
Technisches Rathaus
39%
Zoo
39%
Einertstraße
37%
Knautkleeberg
37%
Marschnerstraße
37%
Ostplatz
37%
Chausseehaus
35%
Hofmeisterstraße
35%
Lößnig
35%
Rödelstraße
35%
Wahren
35%
Miltitz
33%
Thekla
33%
Thomaskirche
33%
Breite Straße
28%
Dölitz, Strbf.
28%
Friedrich-List-Platz
28%
Härtelstraße
28%
Hermann-Liebmann-/Eisenbahnstraße
28%
Johannisallee
28%
Nordplatz
28%
S-Bf. Plagwitz
28%
Stieglitzstraße
28%
Wilhelm-Liebknecht-Platz
28%
Deutsche Nationalbibliothek
26%
Gerichtsweg
26%
Gottschedstraße
26%
Grünau-Nord
26%
Grünau-Süd
26%
Hauptbahnhof/Westseite
26%
Karl-Liebknecht-/Kurt-Eisner-Straße
26%
Klingerweg
26%
Stannebeinplatz
26%
An der Märchenwiese
24%
Hauptbahnhof, Wintergartenstraße
24%
S-Bf. Connewitz, Klemmstraße
24%
S-Bf. Coppiplatz
24%
Torgauer Platz
24%
Völkerschlachtdenkmal
24%
Altes Messegelände
22%
An den Tierkliniken
22%
Antonien-/Gießerstraße
22%
Gutenbergplatz
22%
Holbeinstraße
22%
Messegelände
22%
Naunhofer Straße
22%
Nonnenstraße
22%
Ratzelbogen
22%
Reudnitz, Koehlerstraße
22%
Schönefeld, Volbedingstraße
22%
Stuttgarter Allee
22%
Triftweg
22%
Wiedebachplatz
22%
Am Mückenschlösschen
20%
Elster-Passage
20%
Gohlis, Landsberger Straße
20%
Lindenau, Bushof
20%
Menckestraße
20%
Paunsdorf-Center
20%
S-Bf. Leutzsch
20%
S-Bf. Messe
20%
Sommerfeld
20%
Zschampertaue
20%
Georg-Schumann-/Lützowstraße
17%
Herrmann-Meyer-Straße
17%
Löbauer Straße
17%
Markkleeberg, Virchowstraße
17%
Mockauer-/Volbedingstraße
17%
Moritz-Hof
17%
Paunsdorf-Nord
17%
Probstheida
17%
Riebeck-/Oststraße
17%
S-Bf. Möckern
17%
Stöckelstraße
17%
Wiederitzscher Straße
17%
Georg-Schwarz-/Merseburger Straße
15%
Gohlis-Nord, Virchowstraße
15%
Krakauer Straße
15%
Kurt-Eisner-/Arthur-Hoffmann-Straße
15%
Kurt-Kresse-Straße
15%
Ossietzky-/Gorkistraße
15%
Paunsdorf, Strbf.
15%
Rathaus Schönefeld
15%
S-Bf. Gohlis
15%
Schwartzestraße
15%
Stockartstraße
15%
Südfriedhof
15%
Am Viadukt
13%
Apelstraße, Historischer Strbf.
13%
Arthur-Hoffmann-/Richard-Lehmann-Straße
13%
Diezmannstraße
13%
Eutritzscher Markt
13%
Friedrichshafner Straße
13%
Georg-Schumann-/Lindenthaler Straße
13%
Hamburger Straße
13%
Karl-Heine-/Gießerstraße
13%
Karl-Heine-/Merseburger Straße
13%
Körnerstraße
13%
Kunzestraße
13%
Ludwig-Jahn-Straße
13%
Lützner/Merseburger Straße
13%
Lützschena
13%
Markranstädter Straße
13%
Meusdorfer Straße
13%
Philipp-Reis-Straße
13%
Portitzer Allee, S-Bf. Heiterblick
13%
Prager/Russenstraße
13%
Rathaus Leutzsch
13%
Rathaus Stötteritz
13%
S-Bf. Stötteritz
13%
Stahmeln
13%
Steinplatz
13%
Wasserwerk Windorf
13%
Weißestraße
13%
Annaberger Straße
11%
Barbarastraße
11%
Bautzner Straße
11%
Breslauer Straße
11%
Dantestraße
11%
Diakonissenhaus
11%
Döringstraße
11%
Feuerbachstraße
11%
Forstweg
11%
Fortunabadstraße
11%
Franzosenallee
11%
Henriettenstraße
11%
Hohentichelnstraße
11%
Hornbach Baumarkt
11%
Kleinzschocher, Kötzschauer Straße
11%
Kolmstraße
11%
Lortzingstraße
11%
Mockau, Kirche
11%
Möckernscher Markt
11%
Permoser-/Torgauer Straße
11%
Richard-Lehmann-/Zwickauer Straße
11%
Samuel-Lampel-Straße
11%
Schönauer/Ratzelstraße
11%
Sellerhausen, Emmausstraße
11%
Springerstraße
11%
Stallbaumstraße
11%
Südstraße
11%
Viertelsweg
11%
Wielandstraße
11%
Wittenberger Straße
11%
Alte Straße
9%
Baaderstraße
9%
Barnecker Straße
9%
Dachauer Straße
9%
Edlichstraße
9%
Eutritzscher Zentrum
9%
Geißlerstraße, Bülowviertel
9%
Grünauer Allee
9%
Hänichen, Bismarckturm
9%
Hildebrandstraße
9%
Huttenstraße
9%
Leinestraße
9%
Mosenthinstraße
9%
Ostheimstraße
9%
Parkallee
9%
Pfingstweide
9%
Pittlerstraße
9%
Raschwitzer Straße
9%
Riebeck-/Stötteritzer Straße
9%
Roseggerstraße
9%
Saarländer Straße
9%
Schönauer Ring
9%
Stahmelner Allee
9%
Volksgarten
9%
Wiebelstraße
9%
Wiederitzsch-Mitte
9%
Witzgallstraße
9%
Am Eichwinkel
7%
Am Vorwerk
7%
Annenstraße
7%
Arcus Park
7%
Arthur-Nagel-Straße
7%
Böhlitz-Ehrenberg, Burghausener Straße
7%
Credéstraße
7%
Delitzscher-/Essener Straße
7%
Freirodaer Weg
7%
Fritz-Seger-Straße
7%
Gottschallstraße
7%
Großzschocher, Gerhard-Ellrodt-Straße
7%
Heisenbergstraße
7%
Hermelinstraße
7%
Jupiterstraße
7%
Kiewer Straße
7%
Klinikum St. Georg
7%
Markkleeberg-Ost, Schillerplatz
7%
Modelwitz
7%
Paunsdorfer Allee/Permoserstraße
7%
Plovdiver Straße
7%
Schkeuditz, Altscherbitz
7%
Schwantesstraße
7%
Seumestraße
7%
Stötteritz, Holzhäuser Straße
7%
Taucha, An der Bürgerruhe
7%
Virchow-/Coppistraße
7%
Ahornstraße
4%
Albersdorfer Straße
4%
Am Kirschberg
4%
Beyerleinstraße
4%
Friederikenstraße
4%
Georg-Herwegh-Straße
4%
Heiterblick, Teslastraße
4%
Landsberger-/Max-Liebermann-Straße
4%
Saturnstraße
4%
Schkeuditz, Paetzstraße
4%
Schkeuditz, Rathausplatz
4%
Taucha, Otto-Schmidt-Straße
4%
Theodor-Heuss-Straße
4%
Wilhelminenstraße
4%
Falkenstraße
2%
Schkeuditz, Gartenstadt
2%
Taucha, Freiligrathstraße
2%
Taucha, Theodor-Körner-Straße
2%

Verteilung der Resultate

Perzentil nach korrekt beantworteten Fragen

Anzahl Personen mit jedem Resultat

Ihre Resultats-Entwicklung

Sie haben dieses Quiz noch nicht gespielt